Rozpoznaj uzbrojenie i sprzęt bojowy Wojska Polskiedol - Statystyki

Ogólne statystyki
  • Ten quiz został rozwiązany 61 razy
  • Średni wynik to 11 z 16
Statystyki odpowiedzi
Obrazkowy Odpowiedź % Poprawnych
Grot
91%
AHS Krab
88%
KTO Rosomak
86%
M1 Abrams
86%
Leopard 2
81%
Beryl
79%
BWP Borsuk
74%
K2
72%
PPZR Piorun
72%
M142 HIMARS
63%
K9
56%
FGM-148 Javelin
51%
PPZR Grom
49%
VIS 100
47%
AMZ Bóbr
44%
WR-40 Langusta
44%
Nie znaleziono quizów pasujących do podanych kryteriów
Rozkład punktacji
Procent ludzi z każdym wynikiem
Percentyl według liczby udzielonych odpowiedzi
Twoja historia wyników
Nie rozwiązałeś tego quizu